000 00458nam a2200169Ia 4500
008 240729s9999 xx 000 0 und d
022 _a1746-4358
245 0 _aInternational Breastfeeding Journal
260 _aUnited Kingdom
260 _bBMC
650 _a Pediatrics | Medicine
650 _a Public aspects of medicine
650 _aMedicine
856 _uhttps://doaj.org/toc/421ec46cecff480fa669e338187de4c0
942 _2ddc
942 _cDOAJEJ
999 _c74394
_d74394
945 _a1
_bMadushi Gamage
_c1
_dMadushi Gamage